000 00580nam a22002417a 4500
003 UA-OsUOA
001 135014
007 ta
008 20181220b un ||||| |||| 00| 0 ukr d
100 _aВригт Г. Х.
090 _a140.8:929
_bВ81
942 _cBK
040 _aUA-OsUOA
_brus
_cUA-OsUOA
_dUA-OsUOA
245 _aТри мыслителя
300 _a255 с.
955 _a1
041 _arus
080 _a140.8:929
020 _a5-86789-124-0
260 _aСПб
_bБлиц
_c2000
650 7 _a1 Філософські науки
_2UDC
999 _c423634
_d423634